[Event "SVK-chT3A2 2223"]
[Site "Slovakia"]
[Date "2023.03.05"]
[Round "8.7"]
[White "Nedorost, Lubomir"]
[Black "Planka, Peter"]
[Result "0-1"]
[WhiteElo "1562"]
[BlackElo "1779"]
[PlyCount "100"]
[EventDate "2022.10.16"]
[EventType "team-tourn"]
[EventRounds "9"]
[EventCountry "SVK"]
[SourceTitle "EXT 2024"]
[Source "ChessBase"]
[SourceDate "2023.10.10"]
[SourceVersion "1"]
[SourceVersionDate "2023.10.10"]
[SourceQuality "1"]
[WhiteTeam "Piestany Kupele II"]
[BlackTeam "Gbely Nafta"]
[WhiteTeamCountry "SVK"]
[BlackTeamCountry "SVK"]

1. e4 e5 2. Bc4 Nf6 3. d3 Be7 4. Nc3 Nc6 5. f4 exf4 6. Bxf4 d6 7. Nf3 Na5 8. 0-0 Nxc4 9. dxc4 0-0 10. Qe1 Bg4 11. Rd1 Qc8 12. e5 dxe5 13. Bxe5 c6 14. Qg3 Bf5 15. Nd4 Bg6 16. Rd2 Qg4 17. Nce2 Qxg3 18. Nxg3 Ng4 19. Bf4 Rad8 20. c3 Rfe8 21. h3 Nf6 22. Rfd1 Nh5 23. Nxh5 Bxh5 24. Rf1 Bf6 25. g4 Bg6 26. g5 Be5 27. b3 Bxf4 28. Rxf4 c5 29. Nf3 Rxd2 30. Nxd2 Rd8 31. Rf2 Rd3 32. Re2 Kf8 33. Kf2 Bh5 34. Ne4 Bxe2 35. Kxe2 Rxh3 36. Nxc5 b6 37. Ne4 Rh2+ 38. Kd3 Rxa2 39. c5 bxc5 40. Nxc5 Ke7 41. Kc4 h5 42. gxh6 gxh6 43. Ne4 f5 44. Ng3 f4 45. Nf5+ Ke6 46. Nxh6 Rg2 47. Kd4 Rg6 48. Ke4 Rxh6 49. c4 Rf6 50. Kf3 a5 0-1